[Event "Online Olym Div3 B"]
[Site "Chess.com INT"]
[Date "2021.08.28"]
[Round "6.3"]
[White "Aboudi, Marwan"]
[Black "Chunguane, Ilidio Alberto"]
[Result "1-0"]
[WhiteElo "2136"]
[BlackElo "1997"]
[PlyCount "159"]
[EventDate "2021.08.27"]
[EventType "team-tourn (rapid)"]
[EventRounds "9"]
[EventCountry "USA"]
[SourceTitle "CBM 204 Extra"]
[Source "ChessBase"]
[SourceDate "2021.11.30"]
[SourceVersion "1"]
[SourceVersionDate "2021.11.30"]
[SourceQuality "1"]
[WhiteTeam "Jordan"]
[BlackTeam "Mozambique"]
[WhiteTeamCountry "JOR"]
[BlackTeamCountry "MOZ"]

1. d4 d5 2. Nf3 c6 3. c4 Nf6 4. Nc3 e6 5. cxd5 exd5 6. Bg5 Be7 7. e3 Bg4 8. Bd3 Nbd7 9. Qc2 Bh5 10. 0-0 Bg6 11. Rab1 0-0 12. b4 a6 13. Bxg6 hxg6 14. a4 Nb6 15. Nd2 Nc8 16. b5 axb5 17. axb5 Nd6 18. bxc6 bxc6 19. Bxf6 Bxf6 20. Na4 Qc7 21. Rfc1 Ra6 22. Nc5 Ra7 23. Nd3 Rc8 24. h3 Rb7 25. Qa4 Rxb1 26. Rxb1 Nb7 27. Qa6 Nd8 28. Nf3 Rb8 29. Rc1 Qb6 30. Ra1 Kf8 31. Qxb6 Rxb6 32. Nfe5 Bxe5 33. Nxe5 Rb7 34. Ra8 Ke7 35. Rc8 Rb6 36. Rc7+ Ke6 37. Rd7 f6 38. Rxd8 fxe5 39. Re8+ Kf6 40. Rxe5 Rb1+ 41. Kh2 Rb2 42. Kg3 g5 43. Re8 Rc2 44. Rc8 Kg6 45. Rc7 Kf6 46. Kf3 Kg6 47. Rc8 Kf6 48. Rf8+ Kg6 49. Kg4 Kh6 50. Rf5 g6 51. Rf7 c5 52. dxc5 Rxc5 53. Rd7 Rc4+ 54. Kg3 Rc5 55. Rd8 Kg7 56. Kg4 Rc2 57. Kf3 Rc5 58. Rd7+ Kf6 59. Rd8 Ra5 60. Rb8 Rc5 61. Rb2 Ke5 62. Kg4 d4 63. exd4+ Kxd4 64. Rb6 Kd3 65. Rxg6 Ke2 66. Rxg5 Rc4+ 67. f4 Kf2 68. g3 Rc3 69. Kh5 Kg2 70. h4 Rc6 71. f5 Kh3 72. Rg6 Rc5 73. g4 Rc4 74. f6 Rf4 75. Kh6 Kxh4 76. g5 Rf5 77. Kg7 Kh5 78. f7 Rf4 79. Rh6+ Kxg5 80. Rh8 1-0

[Event "Olympiad-43"]
[Site "Batumi"]
[Date "2018.10.04"]
[Round "10.3"]
[White "Chunguane, Ilidio Alberto"]
[Black "Dominguez, Jose Manuel"]
[Result "1-0"]
[WhiteElo "2054"]
[BlackElo "2283"]
[PlyCount "153"]
[EventDate "2018.09.24"]
[EventType "team-swiss"]
[EventRounds "11"]
[EventCountry "GEO"]
[SourceTitle "CBM 187"]
[Source "ChessBase"]
[SourceDate "2018.12.11"]
[SourceVersion "1"]
[SourceVersionDate "2018.12.11"]
[SourceQuality "1"]
[WhiteTeam "Mozambique"]
[BlackTeam "Dominican Republic"]
[WhiteTeamCountry "MOZ"]
[BlackTeamCountry "DOM"]

1. d4 Nf6 2. Nf3 d6 3. Bf4 c6 4. c3 Nbd7 5. h3 g6 6. e3 Bg7 7. Be2 0-0 8. 0-0 Re8 9. c4 Qb6 10. Qc2 a5 11. Nc3 Qa7 12. Bh2 a4 13. Bd1 a3 14. b4 Nb6 15. Be2 Bf5 16. Qb3 h6 17. c5 Nbd5 18. Nxd5 Nxd5 19. cxd6 Qa4 20. Qxa4 Rxa4 21. dxe7 Nxb4 22. Bd1 Ra7 23. Bb3 Bf6 24. Ne5 Nd5 25. g4 Be6 26. Nxg6 fxg6 27. e4 Rxe7 28. exd5 Bxd5 29. Bxd5+ cxd5 30. Bd6 Re2 31. Bc5 Ra5 32. Rfe1 Rd2 33. Bb4 Rxd4 34. Bxa5 Ra4 35. Bd2 Bxa1 36. Rxa1 h5 37. gxh5 gxh5 38. Rb1 Rd4 39. Be3 Rc4 40. Rb3 d4 41. Bg5 Kf7 42. Rxa3 Kg6 43. h4 Kf5 44. f3 Rc2 45. Kf1 Ke5 46. Ra5+ Ke6 47. f4 b6 48. f5+ Kd6 49. Ra6 Kc6 50. f6 Rc5 51. Ke2 Rf5 52. Ra3 Re5+ 53. Kd2 Rf5 54. Ra7 Kd5 55. f7 Ke6 56. Bh6 Rf2+ 57. Ke1 Rxf7 58. Rxf7 Kxf7 59. Ke2 Kg6 60. Bg5 Kf5 61. Kd3 Ke5 62. Bd8 b5 63. Bb6 Kf4 64. Kxd4 Kg4 65. Bd8 Kf5 66. Kc5 Ke6 67. Kxb5 Kd7 68. Bb6 Kc8 69. a4 Kb8 70. a5 Ka8 71. a6 Kb8 72. Kc5 Kc8 73. Kd5 Kb8 74. Ke5 Kc8 75. Kf5 Kb8 76. Kg5 Kc8 77. Kxh5 1-0

[Event "Olympiad-43"]
[Site "Batumi"]
[Date "2018.10.03"]
[Round "9.3"]
[White "Muhammed, Shuaau"]
[Black "Chunguane, Ilidio Alberto"]
[Result "1/2-1/2"]
[WhiteElo "1775"]
[BlackElo "2054"]
[PlyCount "92"]
[EventDate "2018.09.24"]
[EventType "team-swiss"]
[EventRounds "11"]
[EventCountry "GEO"]
[SourceTitle "CBM 187"]
[Source "ChessBase"]
[SourceDate "2018.12.11"]
[SourceVersion "1"]
[SourceVersionDate "2018.12.11"]
[SourceQuality "1"]
[WhiteTeam "Maldives"]
[BlackTeam "Mozambique"]
[WhiteTeamCountry "MDV"]
[BlackTeamCountry "MOZ"]

1. e4 e6 2. d4 d5 3. Nc3 Nf6 4. Bg5 Be7 5. e5 Nfd7 6. Bxe7 Qxe7 7. f4 g6 8. Nf3 a6 9. Bd3 c5 10. dxc5 Nxc5 11. a3 Nxd3+ 12. Qxd3 Nc6 13. 0-0 b5 14. b4 Bb7 15. Ne2 Rc8 16. c3 Qc7 17. g4 h5 18. h3 hxg4 19. hxg4 Ne7 20. Nfd4 Kd7 21. Rf2 Rh4 22. Rg2 Rch8 23. Kf2 Rh3 24. Rg3 Rh2+ 25. Ke3 Qc4 26. a4 Qxd3+ 27. Kxd3 bxa4 28. Rxa4 R8h3 29. Rxh3 Rxh3+ 30. Kd2 Kc7 31. Ra1 Nc6 32. Rf1 Nxd4 33. Nxd4 Bc8 34. f5 gxf5 35. gxf5 exf5 36. Nxf5 Rh5 37. Nd6 Be6 38. Nxf7 Kd7 39. Kd3 Ke7 40. Nd6 Rxe5 41. Nb7 Rh5 42. Nc5 Rh3+ 43. Kc2 Bc8 44. Re1+ Kd6 45. Re8 Bf5+ 46. Kb2 a5 1/2-1/2

[Event "Olympiad-43"]
[Site "Batumi"]
[Date "2018.10.02"]
[Round "8.3"]
[White "Chunguane, Ilidio Alberto"]
[Black "Al Habeeb, Emad"]
[Result "1/2-1/2"]
[WhiteElo "2054"]
[BlackElo "1910"]
[PlyCount "120"]
[EventDate "2018.09.24"]
[EventType "team-swiss"]
[EventRounds "11"]
[EventCountry "GEO"]
[SourceTitle "CBM 187"]
[Source "ChessBase"]
[SourceDate "2018.12.11"]
[SourceVersion "1"]
[SourceVersionDate "2018.12.11"]
[SourceQuality "1"]
[WhiteTeam "Mozambique"]
[BlackTeam "Saudi Arabia"]
[WhiteTeamCountry "MOZ"]
[BlackTeamCountry "SAU"]

1. Nf3 Nf6 2. d4 d6 3. c4 Nbd7 4. Bf4 c5 5. d5 Qb6 6. Qc2 g6 7. Nc3 Bg7 8. e4 0-0 9. Be2 Nb8 10. 0-0 Na6 11. a3 Bd7 12. h3 e5 13. dxe6 Bxe6 14. Rad1 Rfd8 15. Nb5 Ne8 16. Rd2 Nac7 17. Ng5 Nxb5 18. cxb5 Nc7 19. Bc4 Bxc4 20. Qxc4 Rd7 21. a4 a6 22. bxa6 Qxa6 23. Qxa6 Rxa6 24. b3 h6 25. Nf3 g5 26. Bg3 Rb6 27. Rd3 Ne6 28. Be5 Bxe5 29. Nxe5 Rd8 30. Nc4 Ra6 31. e5 d5 32. Nd6 Rb6 33. Nf5 Kh7 34. Rc1 d4 35. Nd6 Rd7 36. Ne8 Kg6 37. Nd6 f6 38. Nc4 Rb4 39. exf6 Kxf6 40. g3 b5 41. Nb6 Rd8 42. a5 Rd6 43. Kg2 Kf5 44. Rf3+ Kg6 45. Rd3 h5 46. Nc8 Rd7 47. Nb6 Rd6 48. Kf3 Kf6 49. Ke2 Ke5 50. Kd2 Rd8 51. Rf3 Kd6 52. Ra1 c4 53. a6 Nc7 54. a7 Na8 55. Nxa8 Rxa8 56. bxc4 bxc4 57. h4 gxh4 58. gxh4 Rb2+ 59. Kc1 c3 60. Rd3 Kc5 1/2-1/2

[Event "Olympiad-43"]
[Site "Batumi"]
[Date "2018.09.24"]
[Round "1.30"]
[White "Chunguane, Ilidio Alberto"]
[Black "Bernotas, Arturs"]
[Result "1/2-1/2"]
[WhiteElo "2054"]
[BlackElo "2408"]
[PlyCount "178"]
[EventDate "2018.09.24"]
[EventType "team-swiss"]
[EventRounds "11"]
[EventCountry "GEO"]
[SourceTitle "CBM 187"]
[Source "ChessBase"]
[SourceDate "2018.12.11"]
[SourceVersion "1"]
[SourceVersionDate "2018.12.11"]
[SourceQuality "1"]
[WhiteTeam "Mozambique"]
[BlackTeam "Latvia"]
[WhiteTeamCountry "MOZ"]
[BlackTeamCountry "LAT"]

1. d4 Nf6 2. c4 e6 3. Nc3 Bb4 4. Qb3 c5 5. Nf3 Nc6 6. e3 0-0 7. Be2 d5 8. a3 Bxc3+ 9. bxc3 Na5 10. Qa2 dxc4 11. Bxc4 Qc7 12. Be2 b6 13. 0-0 Bb7 14. h3 Rac8 15. Bd2 cxd4 16. cxd4 Bd5 17. Qb2 Nb3 18. Rab1 Ne4 19. Bb4 Rfd8 20. Ba6 Rb8 21. a4 f6 22. Qa3 Na5 23. Rfc1 Qf7 24. Rb2 Qg6 25. Ne1 Nc6 26. Rbc2 Nxb4 27. Qxb4 Qf7 28. Rc7 Qf8 29. Qxf8+ Rxf8 30. Rxa7 Ra8 31. Rcc7 Rxa7 32. Rxa7 Nc3 33. Bd3 Ra8 34. Rxa8+ Bxa8 35. Bb5 Bd5 36. Nc2 Bb3 37. Na3 Bxa4 38. Bxa4 Nxa4 39. Kf1 Nc3 40. Ke1 b5 41. Nc2 Kf7 42. f3 f5 43. Nb4 Kf6 44. Kd2 Na4 45. Nc6 Nb6 46. e4 Nc4+ 47. Kd3 f4 48. Na7 Ne3 49. g3 Ng2 50. gxf4 b4 51. Nc6 Nxf4+ 52. Kc4 Nxh3 53. Kxb4 h5 54. Ne5 Nf2 55. Nc4 h4 56. Ne3 h3 57. Nf1 Kg5 58. d5 exd5 59. exd5 Kf4 60. d6 Nd3+ 61. Kc4 Ne5+ 62. Kd5 Nf7 63. d7 Kxf3 64. Ke6 Nd8+ 65. Kf5 Kf2 66. Nh2 Kg3 67. Nf1+ Kf2 68. Nh2 Kg2 69. Ng4 Kg3 70. Ne3 Kh4 71. Ng4 g5 72. Nh2 Kg3 73. Nf1+ Kg2 74. Ne3+ Kf3 75. Ng4 Kg3 76. Ne3 Kh4 77. Ng4 Nf7 78. Nh2 Kg3 79. Nf1+ Kg2 80. Ne3+ Kf2 81. Ng4+ Kg3 82. Ne3 Kh4 83. Ng4 Nd6+ 84. Ke6 Nb7 85. Kf5 Nd8 86. Nh2 Kg3 87. Nf1+ Kf2 88. Nh2 Kg3 89. Nf1+ Kf2 1/2-1/2

[Event "Matola zt 4.3"]
[Site "Matola"]
[Date "2018.04.09"]
[Round "3.11"]
[White "Vasco Mateus, Felizardo Viagei"]
[Black "Chunguane, Ilidio Alberto"]
[Result "0-1"]
[WhiteElo "1593"]
[BlackElo "2048"]
[PlyCount "86"]
[EventDate "2018.04.08"]
[EventType "swiss"]
[EventRounds "9"]
[EventCountry "MOZ"]
[SourceTitle "EXT 2024"]
[Source "ChessBase"]
[SourceDate "2023.10.10"]
[SourceVersion "1"]
[SourceVersionDate "2023.10.10"]
[SourceQuality "1"]

1. e4 c6 2. d4 d5 3. Nc3 e6 4. Nf3 Nf6 5. Bd3 Bb4 6. e5 Ng8 7. Ng5 g6 8. 0-0 h6 9. Nh3 b6 10. Ne2 Ba6 11. c3 Bxd3 12. Qxd3 Bf8 13. Bd2 Nd7 14. a4 Bg7 15. a5 Ne7 16. c4 0-0 17. Ra3 dxc4 18. Qxc4 Nxe5 19. Qc2 Nd7 20. Rfa1 Rc8 21. Bb4 c5 22. dxc5 Nxc5 23. axb6 axb6 24. Bc3 Nd5 25. Rd1 Qh4 26. Bxg7 Kxg7 27. Rd4 Qe7 28. Nc3 Nxc3 29. Rxc3 Rcd8 30. Rcc4 Rxd4 31. Rxd4 Rd8 32. Qc3 Rxd4 33. Qxd4+ Qf6 34. Qb4 Qd8 35. Qc3+ Kg8 36. g3 Qd1+ 37. Kg2 Qd5+ 38. Kg1 e5 39. Qe3 Kg7 40. Qc3 Ne4 41. Qc2 Qd4 42. b3 Qa1+ 43. Kg2 Qd4 0-1

[Event "Olympiad-42"]
[Site "Baku"]
[Date "2016.09.05"]
[Round "4.2"]
[White "Chunguane, Ilidio Alberto"]
[Black "Gavarrete, Nahun"]
[Result "1/2-1/2"]
[WhiteElo "2034"]
[BlackElo "2149"]
[PlyCount "63"]
[EventDate "2016.09.02"]
[EventType "team-swiss"]
[EventRounds "11"]
[EventCountry "AZE"]
[SourceTitle "CBM 175"]
[Source "ChessBase"]
[SourceDate "2016.11.10"]
[SourceVersion "1"]
[SourceVersionDate "2016.11.10"]
[SourceQuality "1"]
[WhiteTeam "Mozambique"]
[BlackTeam "Honduras"]
[WhiteTeamCountry "MOZ"]
[BlackTeamCountry "HON"]

1. d4 Nf6 2. c4 g6 3. Nc3 d5 4. Bf4 Bg7 5. e3 0-0 6. Qb3 dxc4 7. Bxc4 Nc6 8. Be2 Nd7 9. Nf3 h6 10. Rd1 g5 11. Bg3 g4 12. Nh4 e5 13. dxe5 Bxe5 14. Bxg4 Nc5 15. Qc4 Qg5 16. Bxc8 Bxg3 17. hxg3 Ne5 18. Qe2 Raxc8 19. Nf3 Nxf3+ 20. Qxf3 Rcd8 21. 0-0 c6 22. Ne4 Nxe4 23. Qxe4 Rxd1 24. Rxd1 Rd8 25. Rd4 Rxd4 26. Qxd4 Qa5 27. Qg4+ Kh7 28. Qe4+ Kg7 29. Qd4+ Kg8 30. Qg4+ Kh7 31. Qe4+ Kg7 32. Qd4+ 1/2-1/2